<?xml version="1.0" encoding="UTF-8"?><?xml-stylesheet type="text/xsl" href="static/style.xsl"?><OAI-PMH xmlns="http://www.openarchives.org/OAI/2.0/" xmlns:xsi="http://www.w3.org/2001/XMLSchema-instance" xsi:schemaLocation="http://www.openarchives.org/OAI/2.0/ http://www.openarchives.org/OAI/2.0/OAI-PMH.xsd"><responseDate>2026-04-27T21:44:23Z</responseDate><request verb="GetRecord" identifier="oai:uvadoc.uva.es:10324/22607" metadataPrefix="marc">https://uvadoc.uva.es/oai/request</request><GetRecord><record><header><identifier>oai:uvadoc.uva.es:10324/22607</identifier><datestamp>2021-07-02T07:16:42Z</datestamp><setSpec>com_10324_799</setSpec><setSpec>col_10324_2845</setSpec></header><metadata><record xmlns="http://www.loc.gov/MARC21/slim" xmlns:doc="http://www.lyncode.com/xoai" xmlns:xsi="http://www.w3.org/2001/XMLSchema-instance" xmlns:dcterms="http://purl.org/dc/terms/" xsi:schemaLocation="http://www.loc.gov/MARC21/slim http://www.loc.gov/standards/marcxml/schema/MARC21slim.xsd">
<leader>00925njm 22002777a 4500</leader>
<datafield tag="042" ind1=" " ind2=" ">
<subfield code="a">dc</subfield>
</datafield>
<datafield tag="720" ind1=" " ind2=" ">
<subfield code="a">San José Rico, Patricia</subfield>
<subfield code="e">author</subfield>
</datafield>
<datafield tag="720" ind1=" " ind2=" ">
<subfield code="a">Pérez Ruiz, Leonor</subfield>
<subfield code="e">author</subfield>
</datafield>
<datafield tag="260" ind1=" " ind2=" ">
<subfield code="c">2013</subfield>
</datafield>
<datafield tag="520" ind1=" " ind2=" ">
<subfield code="a">Selección de peer reviewers escogidos por el profesorado del Departamento de Filología Inglesa de la UVa de las ponencias presentadas por alumnos de segundo curso del Grado en Estudios Ingleses en la I Undergraduate Conference in English Studies celebrada en el marco del proyecto de innovación docente concedido a las editoras en el año 2013. &#xd;
Los alumnos autores de los artículos seleccionados han seguido el proceso propio de publicación académica, recibiendo los informes de los revisores y haciendo los cambios necesarios dentro de unos plazos establecidos. Es una evidencia del buen hacer de los alumnos durante esta experiencia, y por tanto nuestra mejor difusión de los resultados obtenidos con este proyecto.</subfield>
</datafield>
<datafield tag="024" ind2=" " ind1="8">
<subfield code="a">978-84-617-8520-9</subfield>
</datafield>
<datafield tag="024" ind2=" " ind1="8">
<subfield code="a">http://uvadoc.uva.es/handle/10324/22607</subfield>
</datafield>
<datafield tag="245" ind1="0" ind2="0">
<subfield code="a">Studies in english language, literature and culture: Undergraduate students as novel researchers</subfield>
</datafield>
</record></metadata></record></GetRecord></OAI-PMH>